000 00295nam a22001337a 4500
020 _a0-7214-0531-2
082 _a823
_bLAD/R
100 _aLADY BIRD
245 _aROBINSON CRUSOE
_bREAD IT YOURSELF
260 _aUK
_bLADY BIRD
300 _a51
650 _aENGLISH SHORT STORY
_zUK
942 _cBK
999 _c2292
_d2292